| 000 | 00534nam a2200193 4500 | ||
|---|---|---|---|
| 003 | OSt | ||
| 005 | 20240717060705.0 | ||
| 006 | a | ||
| 008 | 240717b |||||||| |||| 00| 0 eng d | ||
| 020 | _a1884932634 | ||
| 040 |
_aDWCL-Main lib. _cOC |
||
| 082 | _aCirc. 628.38485 B787r 2008 | ||
| 100 | _aBowman, Ronald | ||
| 245 | _aRadar systems for technicians / | ||
| 260 |
_aRaleigh, NC: _bScitech Pub. Inc. , _cc2008. |
||
| 300 |
_axxviii _b(various paging): ill. ; _c28 cm. |
||
| 650 | _a1. Radar. | ||
| 942 |
_2ddc _n0 _cBK-CIRC _kCirc. |
||
| 999 |
_c2317 _d2317 |
||